| 000 | 005580000a22001810004500 | ||
|---|---|---|---|
| 003 | MACL | ||
| 005 | 20160223134143.0 | ||
| 008 | 160223b xxu||||| |||| 00| 0 eng d | ||
| 040 |
_aMACL _cMACL |
||
| 041 | _aHindi | ||
| 082 | _a646.72 | ||
| 100 |
_aविघालशंकर अत्रिदेव _939657 |
||
| 245 | _aप्राचीन भारत के प्रसाधन | ||
| 260 |
_bभारतीयच ज्ञानपीठ _c1958 _aकाशी |
||
| 350 | _a4 | ||
| 650 |
_aHome Economics _939658 |
||
| 942 |
_cHIN _k646.72 _2ddc |
||
| 999 |
_c25230 _d25230 |
||